000 00255 a2200109 4500
001 63238
082 _a909.09767121SAI
090 _c37302
_d37302
100 _aSaid.W.Edward
245 _aCovering Islam
260 _aLondon
_bVintage London
_c1997
942 _aNUST-CAE
_k909.09767121SAI
999 _c298311
_d298311